Analýza liberalizačných procesov energetického trhu v EÚ a jej vplyv na prirodzené monopoly
Analýza liberalizačných procesov v EÚ v ich historickom kontexte a ich vplyv na finančné hospodárenie prirodzených monopolov. V príspevku sú uvedené aj legislatívne opatrenia tretieho liberalizačného balíčka , uvedeného vo Vestníku EÚ dňa 14.8.2009 a dôvody vzniku Agentúry pre spoluprácu regulačných...
Salvato in:
| Autore principale: | |
|---|---|
| Natura: | Capitolo di libro |
| Lingua: | slovacco |
| Soggetti: | |
| Tags: |
Nessun Tag, puoi essere il primo ad aggiungerne!!
|
MARC
| LEADER | 00000naa$a2200000$$$4500 | ||
|---|---|---|---|
| 001 | 0111156 | ||
| 005 | 20240502072229.0 | ||
| 041 | 0 | |a slo | |
| 044 | |a SK | ||
| 245 | 1 | 0 | |a Analýza liberalizačných procesov energetického trhu v EÚ a jej vplyv na prirodzené monopoly |c Alena Bašová |
| 520 | |a Analýza liberalizačných procesov v EÚ v ich historickom kontexte a ich vplyv na finančné hospodárenie prirodzených monopolov. V príspevku sú uvedené aj legislatívne opatrenia tretieho liberalizačného balíčka , uvedeného vo Vestníku EÚ dňa 14.8.2009 a dôvody vzniku Agentúry pre spoluprácu regulačných orgánov v oblasti energetiky, ako aj jej úlohy a orgány. | ||
| 610 | 2 | 0 | |a energetika |
| 610 | 2 | 0 | |a energia |
| 610 | 2 | 0 | |a trh energetický |
| 610 | 2 | 0 | |a liberalizácia |
| 610 | 2 | 0 | |a monopoly prirodzené |
| 610 | 2 | 0 | |a hospodárenie finančné |
| 610 | 2 | 0 | |a súťaž hospodárska |
| 100 | 1 | |a Bašová, Alena, 1961- | |